| 000 | 00543nam a2200205Ia 4500 | ||
|---|---|---|---|
| 005 | 20260429112112.0 | ||
| 008 | 260429s9999||||xx |||||||||||||| ||und|| | ||
| 020 | _a9781138318151 | ||
| 041 | _aEnglish | ||
| 082 |
_a620.3 _bMOD |
||
| 100 | _aModak, Subodh V. | ||
| 245 | 0 |
_aAnalytical and experimental modal analysis / _cSubodh V. Modak |
|
| 250 | _a1st ed. | ||
| 260 |
_aBoca Raton : _bCRC Press, _c2024. |
||
| 300 | _axxiii, 520 p.; hb | ||
| 650 | _a Analytics | ||
| 650 | _a Experiments | ||
| 650 | _aModal analysis | ||
| 942 | _cTB | ||
| 999 |
_c52360 _d52360 |
||